| 000 | 00719nam a22001577a 4500 | ||
|---|---|---|---|
| 003 | NUST | ||
| 005 | 20220815092006.0 | ||
| 020 | _a978-969-23545-0-9 | ||
| 082 | _a327.7305, SHA | ||
| 111 |
_aTalat Shabbir _997080 |
||
| 245 |
_aCreating Shared Futures _bPakistan-China: A Journey of Trust and Friendship |
||
| 260 |
_aIslamabad (Pakistan) _bPolicy Press _c2021 |
||
| 300 | _axxiii, 178:pages | ||
| 505 | _aTrust and Romance (Page-1), Beginning of a Journey: 1947-1990 (Page-7), In Search of New Skies: 1990-2020 (Page-34), Navigating Troubled Neighborhood(Page-69), Global Milieu (Page-108), Ten, Now and possible (Page-144), Epilogue: Pakistan and China in the Post COVID-19 World (Page-161). | ||
| 942 |
_2ddc _cBK |
||
| 999 |
_c590935 _d590935 |
||